000 00685nam a2200205Ii 4500
003 JO-AjNU
008 230605s9999||||xx |||||||||||||| ||und||
017 _a2007/12/3684
040 _aJO-AjNU
_bara
_erda
_cJO-AjNU
041 _aara
050 1 4 _aPJ7842.H69.A17 2007
100 3 _aتأليف خريس، حسين رشيد,
_eauthor
_949288
245 0 0 _aالأعمال الشعرية الكاملة، الجزء الأول، {1-2}
264 3 1 _aعمان:وزارة الثقافة،2007
300 _aج1،{1-2}، 449ص
336 _atext
_btxt
_2rdacontent
337 _aunmediated
_bn
_2rdamedia
338 _avolume
_bnc
_2rdacarrier
650 4 _aالشعر العربي
_949289
999 _aA21639
_c25207
_d25207